000 00438nam a2200157Ia 4500
008 210716s2005 xx 000 0 und d
020 _a812650563X
041 _aeng
082 _a004.602 LECE
100 _aThompson, Ed Lecky; Goodman, Heow Eide; Nowicki, Steven D; Cove, Alec.
245 _aProfessional phi 5.
250 _a1
260 _aNew Delhi
_bWiley Publishing Inc.
_c2005
300 _axxi,639
650 _aPHP Programming
999 _c187131
_d187131